[Event "Tournoi Accession REUNION 2019"]
[Site "Le TAMPON- BRAS PANON- SAINT D"]
[Date "2019.06.10"]
[Round "6.11"]
[White "Guillot, Yoann"]
[Black "Gallais, Flavien"]
[Result "1-0"]
[WhiteElo "1120"]
[BlackElo "1275"]
[PlyCount "56"]
[EventDate "2019.??.??"]

1. b3 e5 2. Bb2 Nc6 3. e3 Nf6 4. Be2 d5 5. Nf3 Bd6 6. d4 e4 7. Nfd2 O-O 8. a3
Be6 9. c4 b6 10. Nc3 Ne7 11. Qc2 c5 12. cxd5 Nexd5 13. Ncxe4 Nxe4 14. Nxe4 Bf5
15. Bd3 Bc7 16. dxc5 Rc8 17. Nf6+ Nxf6 18. Bxf5 Rb8 19. c6 Qd6 20. Rd1 Qe7 21.
O-O Be5 22. Bxe5 Qxe5 23. Rd2 g6 24. Bh3 Kg7 25. Rfd1 a6 26. c7 Rbe8 27. g3 Ng4
28. Bxg4 Ra8 {Illisible} 1-0

[Event "Tournoi Accession REUNION 2019"]
[Site "Le TAMPON- BRAS PANON- SAINT D"]
[Date "2019.06.10"]
[Round "6.12"]
[White "Razafindrakoto, Sergio"]
[Black "Alleman, Robin"]
[Result "1-0"]
[WhiteElo "1199"]
[BlackElo "1127"]
[PlyCount "59"]
[EventDate "2019.??.??"]

1. Nf3 Nf6 2. c4 g6 3. g3 Bg7 4. Bg2 d6 5. Nc3 c5 6. d3 Nc6 7. O-O e5 8. Ne4
Nxe4 9. dxe4 Ne7 10. Bg5 f6 11. Bd2 O-O 12. b4 Bd7 13. bxc5 dxc5 14. Ne1 f5 15.
exf5 Nxf5 16. Bxb7 Rb8 17. Bg2 h6 18. e4 Nd6 19. Qc2 Nf7 20. Nd3 Qe7 21. Rab1
h5 22. f4 Rxb1 23. Rxb1 exf4 24. Bxf4 Bh6 25. Bxh6 Nxh6 26. Rb7 a5 27. Qd2 Qg7
28. e5 Rf7 29. Bd5 Kh8 30. Bxf7 1-0

[Event "Tournoi Accession REUNION 2019"]
[Site "Le TAMPON- BRAS PANON- SAINT D"]
[Date "2019.06.10"]
[Round "6.13"]
[White "Lenoury, Djalil"]
[Black "Guillot, Tristan"]
[Result "0-1"]
[WhiteElo "1099"]
[BlackElo "1154"]
[PlyCount "82"]
[EventDate "2019.??.??"]

1. d4 Nf6 2. Nc3 d5 3. Nf3 e6 4. Bf4 a6 5. Qd2 Bb4 6. e3 Nc6 7. Qd3 Bxc3+ 8.
Qxc3 O-O 9. Bd3 h6 10. Qd2 Na7 11. Qe2 c6 12. c3 Bd7 13. Nd2 Rc8 14. Qf3 c5 15.
Qg3 Ne8 16. Bc2 cxd4 17. exd4 Nb5 18. Bxh6 Nbd6 19. Qd3 Nf5 20. Nf3 gxh6 21.
Qd2 Nf6 22. Nh4 Nxh4 23. Qxh6 Nf5 24. Qg5+ Ng7 25. Qh4 Re8 26. g4 Ne4 27. Qh3
Ng5 28. Qh6 e5 29. O-O-O Re6 30. Qh4 e4 31. Rhg1 Nf3 32. Qxd8+ Rxd8 33. Rgf1
Nxh2 34. Rg1 Rg6 35. g5 Nf3 36. Rg2 Nxg5 37. Rh1 Nf3 38. Rxg6 fxg6 39. b4 Rc8
40. Kb2 b5 41. Rh3 Bxh3 0-1

[Event "Tournoi Accession REUNION 2019"]
[Site "Le TAMPON- BRAS PANON- SAINT D"]
[Date "2019.06.10"]
[Round "6.14"]
[White "Cavillot-Delestage, Raphael"]
[Black "Grasperge, Evelyne"]
[Result "1-0"]
[WhiteElo "1035"]
[BlackElo "1037"]
[PlyCount "66"]
[EventDate "2019.??.??"]

1. e4 d5 2. exd5 Qxd5 3. Nc3 Qa5 4. a3 c6 5. Bc4 Nf6 6. b4 Qc7 7. Bb2 e5 8. Qe2
Bg4 9. Qe3 g6 10. Ne4 Nbd7 11. Ng5 Nd5 12. Qb3 N7f6 13. N1f3 Bg7 14. Nxe5 O-O
15. O-O b5 16. Bxd5 cxd5 17. h3 h6 18. Ngxf7 Bf5 19. Rac1 Rae8 20. Rfe1 Kh7 21.
Re3 Be6 22. Rg3 d4 23. Qd3 Bxf7 24. Nxg6 Kg8 25. Nxf8 Kxf8 26. Bxd4 a5 27. Qxb5
axb4 28. Qxb4+ Kg8 29. Bxf6 Bh5 30. Rxg7+ Qxg7 31. Bxg7 Kxg7 32. Qd6 Bf7 33.
Rb1 h5 1-0

[Event "Tournoi Accession REUNION 2019"]
[Site "Le TAMPON- BRAS PANON- SAINT D"]
[Date "2019.06.08"]
[Round "6.15"]
[White "Parame, Bruno"]
[Black "Ycard, Faustine"]
[Result "1-0"]
[WhiteElo "1399"]
[BlackElo "1010"]
[PlyCount "53"]
[EventDate "2019.??.??"]

1. d4 d5 2. Nf3 Nc6 3. Bf4 Bf5 4. c3 Nf6 5. e3 e6 6. Be2 Be7 7. O-O O-O 8. h3
Re8 9. Na3 a6 10. Nc2 Be4 11. Bd3 Bxd3 12. Qxd3 b5 13. Ne5 Nxe5 14. dxe5 Nd7
15. b4 c6 16. Nd4 Rc8 17. e4 Nb6 18. Qg3 g6 19. Rad1 dxe4 20. Rfe1 Bh4 21. Qg4
Be7 22. Bh6 Bf8 23. Bg5 Be7 24. Nxe6 Qxd1 25. Rxd1 fxe6 26. Qxe6+ Kf8 27. Bh6#
1-0

[Event "Tournoi Accession REUNION 2019"]
[Site "Le TAMPON- BRAS PANON- SAINT D"]
[Date "2019.06.10"]
[Round "6.16"]
[White "Giraud, Dimitri"]
[Black "Erudel, Irina"]
[Result "1-0"]
[WhiteElo "1199"]
[BlackElo "1009"]
[PlyCount "63"]
[EventDate "2019.??.??"]

1. e4 e6 2. Nc3 d5 3. exd5 exd5 4. d4 Bb4 5. Bd2 Nf6 6. a3 Ba5 7. b4 Bb6 8. Na4
Qe7+ 9. Ne2 O-O 10. Nxb6 axb6 11. Qc1 Nc6 12. c3 Bf5 13. Be3 Qe4 14. Ng3 Qg4
15. Be2 Qg6 16. O-O Ra4 17. Bb5 Raa8 18. Bxc6 bxc6 19. c4 b5 20. cxb5 cxb5 21.
Qxc7 Bd3 22. Rfd1 Bc2 23. Rd2 Bd3 24. Qc5 Kh8 25. Qc3 Be4 26. Nxe4 Nxe4 27. Qd3
Rfe8 28. Rda2 Qh5 29. Re1 Re6 30. Qxb5 Rg6 31. Bf4 Re8 32. Qxe8# 1-0

[Event "Tournoi Accession REUNION 2019"]
[Site "Le TAMPON- BRAS PANON- SAINT D"]
[Date "2019.06.10"]
[Round "6.17"]
[White "Mohamed, Keziah"]
[Black "Jeanne, Evane"]
[Result "1-0"]
[WhiteElo "1034"]
[BlackElo "1009"]
[PlyCount "69"]
[EventDate "2019.??.??"]

1. e4 e5 2. f4 Nf6 3. Nc3 d5 4. exd5 Bg4 5. Be2 Bf5 6. fxe5 Nxd5 7. Nxd5 Qxd5
8. Bf3 Qd8 9. Bxb7 Nd7 10. Bxa8 Qxa8 11. Nf3 Bc5 12. d4 Qe4+ 13. Qe2 Qxe2+ 14.
Kxe2 Bb6 15. c3 c5 16. dxc5 Nxc5 17. Ne1 O-O 18. Be3 Re8 19. Bxc5 Bxc5 20. Nd3
Bg4+ 21. Kf1 Re6 22. Nxc5 Rxe5 23. h3 Be2+ 24. Kf2 Bb5 25. Rad1 Re2+ 26. Kg3 g6
27. a4 Bc6 28. Rhg1 f5 29. Rb1 Kf7 30. b4 Be4 31. Nxe4 Ke6 32. Ng5+ Ke5 33.
Rge1 Rxe1 34. Rxe1+ Kf6 35. Nxh7+ 1-0